El amor y la amistad / (Registro nro. 8548)
[ vista simple ]
| 000 -CABECERA | |
|---|---|
| Longitud fija campo de control | 01162nam a2200313 a 4500 |
| 003 - • IDENTIFICADOR DELl NÚMERO DE CONTROL | |
| Identificador del número de control | CO-ViMGA |
| 005 - • FECHA Y HORA DE LA ÚLTIMA TRANSACCIÓN | |
| Fecha y hora de la última transacción | 20230915233609.0 |
| 008 - • CÓDIGOS DE INFORMACIÓN DE LONGITUD FIJA | |
| Códigos de información de longitud fija | 171115s2017 ck a gr 000 0dspa d |
| 020 ## - • NÚMERO INTERNACIONAL NORMALIZADO PARA LIBROS | |
| Número Internacional Normalizado para Libros (ISBN) | 9789583053955 |
| 040 ## - FUENTE DE LA CATALOGACIÓN | |
| Centro catalogador de origen | CO-ViMGA |
| Lengua de catalogación | spa |
| Centro transcriptor | CO-ViMGA |
| 041 1# - • CÓDIGO DE LENGUA | |
| Código de lengua original | fre |
| 082 04 - • NÚMERO DE LA CLASIFICACIÓN DECIMAL DEWEY | |
| Número de clasificación (R) | I177.7 |
| Número del ítem | L11a |
| Número de edición | 21 |
| 100 1# - • PUNTO DE ACCESO PRINCIPAL-NOMBRE DE PERSONA | |
| Nombre de persona | Labb,̌ Brigitte, |
| Fechas asociadas al nombre | 1959- |
| 245 13 - • TITULO PROPIAMENTE DICHO | |
| Título | El amor y la amistad / |
| Mención de responsabilidad, etc. | Brigitte Labb,̌ Michel Puech ; ilustraciones Jacques Azam ; traduccin̤ Jorge Eduardo Salgar Restrepo. |
| 250 ## - • MENCIÓN DE EDICIÓN | |
| Mención de edición | Edicin̤ Javier R. Mahecha Lp̤ez. |
| 300 ## - • DESCRIPCIÓN FÍSICA | |
| Extensión | 44 pg̀inas : |
| Otras características físicas | ilustraciones ; |
| Dimensiones | 18 cm. |
| 490 0# - • MENCIÓN DE SERIE | |
| Mención de serie | Pl̕doras de sabidura̕ |
| 534 ## - • Nota De Versión Original | |
| -- | Tt̕ulo original : |
| Título | Lþamour et lþamiti.̈ |
| 650 14 - • PUNTO DE ACCESO ADICIONAL DE MATERIA - TÉRMINO DE MATERIA | |
| Término de materia o nombre geográfico como elemento inicial | Amistad |
| Subdivisión de materia general | Literatura infantil. |
| 650 14 - • PUNTO DE ACCESO ADICIONAL DE MATERIA - TÉRMINO DE MATERIA | |
| Término de materia o nombre geográfico como elemento inicial | Amor |
| Subdivisión de materia general | Literatura infantil. |
| 650 14 - • PUNTO DE ACCESO ADICIONAL DE MATERIA - TÉRMINO DE MATERIA | |
| Término de materia o nombre geográfico como elemento inicial | Filosofia para niños |
| Subdivisión de materia general | Literatura infantil. |
| 700 1# - • PUNTO DE ACCESO ADICIONAL - NOMBRE DE PERSONA | |
| Nombre de persona | Azam, Jacques, |
| Término indicativo de función | ilustrador. |
| 700 1# - • PUNTO DE ACCESO ADICIONAL - NOMBRE DE PERSONA | |
| Nombre de persona | Mahecha Lp̤ez, Javier R, |
| Término indicativo de función | editor. |
| 700 1# - • PUNTO DE ACCESO ADICIONAL - NOMBRE DE PERSONA | |
| Nombre de persona | Puech, Michel. |
| 700 1# - • PUNTO DE ACCESO ADICIONAL - NOMBRE DE PERSONA | |
| Nombre de persona | Salgar Restrepo, Jorge Eduardo, |
| Término indicativo de función | traductor. |
| 942 ## - ENTRADA DE ELEMENTOS AGREGADOS (KOHA) | |
| Fuente de clasificaión o esquema | Dewey Decimal Classification |
| Koha [por defecto] tipo de item | LIbro |
| Perdido | Fuente de clasificación o esquema | Estado Físico | No para préstamo | Forma de adquisición | Localización permanente | Localización actual | Fecha adquisición | Préstamos totales | Signatura completa | Código de barras | Fecha última consulta | Fecha del precio de reemplazo | Tipo de item de Koha | Prestado | Fecha último préstamo |
|---|---|---|---|---|---|---|---|---|---|---|---|---|---|---|---|
| Dewey Decimal Classification | Sala Infantil Segundo Piso | Biblioteca Pública Germán Arciniegas - Villavicencio | Biblioteca Pública Germán Arciniegas - Villavicencio | 03/17/2020 | I177.7 L11a | 32153 | 03/17/2020 | 03/17/2020 | LIbro | ||||||
| Dewey Decimal Classification | Sala Infantil Segundo Piso | Biblioteca Pública Germán Arciniegas - Villavicencio | Biblioteca Pública Germán Arciniegas - Villavicencio | 03/17/2020 | 1 | I177.7 L11a | 32154 | 05/06/2026 | 03/17/2020 | LIbro | 05/16/2026 | 05/06/2026 |